000 00630nam a2200241 i 4500
001 C2-0235179
003 PPAK
005 20180727195353.0
008 010829s1984 my |||| ||||| | may d
020 _a967949019X
040 _aPPAK
_beng
_cPPAK
_erda
082 0 4 _a899.233
_223
090 0 0 _a899.233
_bASU
_dKAM
100 0 _aA. Shukur Harun,
_d1938-
_eauthor
245 1 0 _aRemang
264 1 _aSubang Jaya, Selangor :
_bSarjana ,
_c1984.
300 _a320 pages ;
_c19 cm
336 _2rdacontent
_atext
337 _2rdamedia
_aunmediated
338 _2rdacarrier
_avolume
650 1 0 _aMalay fiction.
942 _ddc
_cB
999 _c51260
_d51260